| 000 | 00453nam a2200157 a 4500 | ||
|---|---|---|---|
| 001 | 3636 | ||
| 005 | 20140414131905.0 | ||
| 008 | 060921s19uu xx 00 eng d | ||
| 020 | _a0-553-1923-2 | ||
| 050 |
_aFIC _bSt4 1992 |
||
| 100 | _aStewart, Molly Mia | ||
| 245 |
_aSweetvalley kids #27 : _bthe sweet valley cleanup team / _cMolly Mia Stewart. |
||
| 260 |
_aNew York : _bA Bantam skylark book, _cc1992. |
||
| 300 | _a68 p. ; cm. | ||
| 999 |
_c110914 _d110914 |
||